El protestantismo y la regla de fé
Guardat en:
| Autor principal: | |
|---|---|
| Format: | Llibre |
| Idioma: | espanyol |
| Publicat: |
Barcelona
J. Subirana
1859
|
| Matèries: | |
| Etiquetes: |
Afegir etiqueta
Sense etiquetes, Sigues el primer a etiquetar aquest registre!
|
MARC
| LEADER | 00000nam a2200000 a 4500 | ||
|---|---|---|---|
| 001 | UCI6785 | ||
| 003 | CL-VaPUC | ||
| 008 | 080530e18590000SP |||||||||||||||||spa|d | ||
| 082 | 0 | 4 | |a 280.4 |b PER |2 21 |
| 100 | 0 | |a Perrone, Juan |e author |9 529781 | |
| 245 | 1 | 3 | |a El protestantismo y la regla de fé |
| 300 | |a 2 v | ||
| 942 | |c BK | ||
| 945 | |d 20080530 00:00:00 |a rbrito | ||
| 260 | |a Barcelona |b J. Subirana |c 1859 | ||
| 500 | |a Donación Padres Capuchinos | ||
| 650 | 0 | |a Protestantismo |9 317293 | |
| 583 | |a last modification |c 20080530 00:00:00 |k Rodrigo Vera | ||
| 999 | |c 330234 |d 330232 | ||
| 952 | |0 0 |1 0 |4 0 |6 280_400000000000000_PER_1859 |7 0 |8 X |9 415705 |a FDOBUD |b FDOBUD |d 2019-11-22 |h v.1 |i 4443446 |o 280.4 PER 1859 |p 4443446 |r 2019-11-22 |w 2019-11-22 |y BK_X |k BUD | ||
| 952 | |0 0 |1 0 |4 0 |6 280_400000000000000_PER_1859 |7 0 |8 X |9 415706 |a FDOBUD |b FDOBUD |d 2019-11-22 |h v.2 |i 4443454 |o 280.4 PER 1859 |p 4443454 |r 2019-11-22 |w 2019-11-22 |y BK_X |k BUD | ||